El Marqués de Santillana (Record no. 118760)

MARC details
000 -LEADER
campo de control de longitud fija 01041nam a2200229 i 4500
001 - NÚMERO DE CONTROL
campo de control 118760
003 - IDENTIFICADOR DE NÚMERO DE CONTROL
campo de control ES-MaACL
005 - FECHA Y HORA DE LA ÚLTIMA TRANSACCIÓN
campo de control 20250605122936.0
007 - CAMPO FIJO DE DESCRIPCIÓN FÍSICA--INFORMACIÓN GENERAL
campo de control de longitud fija t|
008 - DATOS DE LONGITUD FIJA--INFORMACIÓN GENERAL
campo de control de longitud fija 070214s1983 sp r ||||1| spa d
100 1# - ENTRADA PRINCIPAL--NOMBRE DE PERSONA
Nombre de persona Pérez-Bustamante, Rogelio.
9 (RLIN) 90685
245 13 - MENCIÓN DEL TÍTULO
Título El Marqués de Santillana
Resto del título : biografía y documentación : estudio histórico /
Mención de responsabilidad, etc. registro documental y selección diplomática Rogelio Pérez Bustamante, José Manuel Calderón Ortega ; prólogo Rafael Lapesa Melgar.
260 ## - PUBLICACIÓN, DISTRIBUCIÓN, ETC.
Lugar de publicación, distribución, etc. Santillana del Mar (Santander) :
Nombre del editor, distribuidor, etc. Fundación Santillana,
Fecha de publicación, distribución, etc. 1983.
300 ## - DESCRIPCIÓN FÍSICA
Extensión 397 p. ;
Dimensiones 21 cm.
490 1# - MENCIÓN DE SERIE
Mención de serie Fuentes documentales para la historia de Santillana
600 17 - PUNTO DE ACCESO ADICIONAL DE MATERIA--NOMBRE DE PERSONA
Nombre de persona Santillana, Iñigo López de Mendoza,
Títulos y otros términos asociados al nombre Marqués de,
Fechas asociadas al nombre 1398-1458-
Subdivisión de forma Biografías
Fuente del encabezamiento o término
9 (RLIN) 132442
700 1# - ENTRADA AGREGADA--NOMBRE PERSONAL
Nombre de persona Calderón Ortega, José Manuel.
9 (RLIN) 33624
700 0# - ENTRADA AGREGADA--NOMBRE PERSONAL
Nombre de persona Lapesa, Rafael,
Fechas asociadas al nombre 1908-2001
9 (RLIN) 70146
830 0# - PUNTO DE ACCESO ADICIONAL DE SERIE-TÍTULO UNIFORME
Título uniforme Fuentes documentales para la historia de Santillana
9 (RLIN) 183808
852 ## - LOCALIZACIÓN
Ubicación ES-MaACL
Número de control de estantería L-4300
Sublocalización o colección R.105179
Holdings
Estatus retirado Estado de pérdida Estado de daño No para préstamo Biblioteca de origen Biblioteca actual Ubicación en estantería Fecha de adquisición Fuente de adquisición Total de préstamos Signatura topográfica completa Código de barras Visto por última vez Precio de reemplazo Tipo de ítem Koha
        Biblioteca del Ateneo de Madrid Biblioteca del Ateneo de Madrid Depósito 2 17/01/2008     L-4300 1123806 23/02/2023 23/02/2023 Libro impreso